000 00593nam a2200205 i 4500
001 77838
003 ES-MaACL
005 20250728111237.0
007 t|
008 041111s1907 fr |||| | fre d
080 _a215(04)
100 1 _aFlammarion, Camille,
_d1842-1925
_951110
245 1 4 _aLes forces naturelles inconnues /
_cCamille Flammarion.
260 _aParis :
_bErnest Flammarion,
_c1907.
300 _a609 p. ;
_c20 cm.
650 1 4 _aEspiritualismo.
_912508
650 7 _aReligión y ciencia
_2embne
_916806
852 _aES-MaACL
_jE-10325
999 _c77838
_d77838